Amphoto Guide to SLR Photography /

Introducción al uso de cámaras reflex para principiantes, donde se explica el manejo de lentes, la relación entre iluminación y exposición, los tipos de películas y filtros y las bases de composición fotográfica.

Na minha lista:
Detalhes bibliográficos
Autor principal: Brown, Dolores (autor)
Formato: Livro
Idioma:inglês
Publicado em: Nueva York, EUA : Amphoto, 1981, c1981
Colecção:(Amphoto Guide Series)
Assuntos:
Tags: Adicionar Tag
Sem tags, seja o primeiro a adicionar uma tag!

MARC

LEADER 00000nam^a2200000^a^4500
001 000395292
005 20250521000000.0
009 20260310121358.632
020 |a 0-8174-2178-5 
037 |a Acervo ITESO - Biblioteca 
041 |a ING 
082 |a 771.  |b BRO 
100 |a Brown, Dolores  |e (autor) 
245 1 0 |a Amphoto Guide to SLR Photography /  |c D. Brown. 
264 4 |a Nueva York, EUA :  |b Amphoto,  |c 1981, c1981 
300 |a 157 p. 
336 |a texto  |b txt  |2 rdacontenido 
337 |a sin mediación  |b n  |2 rdamedio 
338 |a volumen  |b nc  |2 rdasoporte 
440 1 |a (Amphoto Guide Series) 
520 |a Introducción al uso de cámaras reflex para principiantes, donde se explica el manejo de lentes, la relación entre iluminación y exposición, los tipos de películas y filtros y las bases de composición fotográfica. 
649 |a XX 
650 |a Lentes (Fotografía) 
650 |a Cámaras Fotográficas 
650 |a Fotografía -  |x Películas 
650 |a Fotografía-  |x Iluminación 
650 |a Fotografía -  |x Materiales y Equipo -  |x Tema Principal 
650 |a Fotografía -  |x Técnica -  |x Tema Principal 
650 |a Arte -  |x Materiales y Equipo 
650 |a Arte -  |x Técnica 
650 |a Comunicación Visual 
910 |a Fondo Jesús Romero Hernández S.J. 
920 |a Impresos - Libros 
930 |a Fondos Especiales 
905 |a 118 
901 |a 0500290560  |b IT2  |c ESP  |i D67176  |u 20250521 
902 |a https://opac.biblio.iteso.mx/vufind/Record/000395292